Macrolichens of Sikkim (Record no. 6168)

MARC details
000 -LEADER
fixed length control field 00806 a2200205 4500
005 - DATE AND TIME OF LATEST TRANSACTION
control field 20080826113014.0
008 - FIXED-LENGTH DATA ELEMENTS--GENERAL INFORMATION
fixed length control field 080826t xxu||||| |||| 00| 0 eng d
010 ## - LIBRARY OF CONGRESS CONTROL NUMBER
LC control number ENG-87161
020 ## - INTERNATIONAL STANDARD BOOK NUMBER
Terms of availability 1080.00
International Standard Book Number 8181770110
035 ## - SYSTEM CONTROL NUMBER
System control number EN-70694
037 ## - SOURCE OF ACQUISITION
Source of stock number/acquisition DBAD / PUB
082 ## - DEWEY DECIMAL CLASSIFICATION NUMBER
Classification number 589.1095463
100 ## - MAIN ENTRY--PERSONAL NAME
Personal name Sinha, G.P.
245 ## - TITLE STATEMENT
Title Macrolichens of Sikkim
Statement of responsibility, etc by G.P. Sinha
260 ## - PUBLICATION, DISTRIBUTION, ETC. (IMPRINT)
Place of publication, distribution, etc Kolkata
Name of publisher, distributor, etc Botanical Survey of India
Date of publication, distribution, etc 2005
270 ## - ADDRESS
Address 5th & 6th Floor, F-wing, C.G.O. Complex, Salt Lake City,
-- Kolkata
Postal code 700 064
300 ## - PHYSICAL DESCRIPTION
Extent 273p.
Dimensions 23cm (Hb )
Other physical details col. photos
942 ## - ADDED ENTRY ELEMENTS (KOHA)
Institution code [OBSOLETE] dpl
Koha item type English Books
Call number prefix 589.1095463 / SIN
Source of classification or shelving scheme Dewey Decimal Classification
Classification part 589.1095463
Call number suffix SIn
Holdings
Withdrawn status Lost status Damaged status Not for loan Home library Current library Date acquired Cost, normal purchase price Total Checkouts Full call number Barcode Date last seen Copy number Uniform Resource Identifier Cost, replacement price Price effective from Koha item type
        D.B.Act.Division D.B.Act.Division 26/08/2008 1080.00   589.1095463 SIn EN-70694 15/09/2008 1 6615 1080.00 15/09/2008 English Books

© Delhi Public Library
Hit Counter
free hit counter